000 00884nam a2200265 i 4500
001 134839
003 ES-MaACL
005 20251017120928.0
007 t|
008 070629s1984 fr d 00110 fre d
020 _a2-13-038742-X
080 _a82(038)
245 0 0 _aDictionnaire des littératures /
_cpublié sous la direction de Philippe van Tieghem ; avec la collaboration de Pierre Josserand.
250 _a2e éd.
260 _aParis :
_bPresses Universitaires de France,
_c1984.
300 _a4 v. ;
_c19 cm.
490 1 _aQuadrige ;
_v71-74
505 8 _aContiene: 1. A-C -- 2. D-J -- 3. K-Q.-- 4. R-Z
650 4 _aLiteratura-
_vDiccionarios.
_914484
700 1 _aVan Tieghem, Philippe Adrien,
_d1898-1969
_9173802
700 1 _aJosserand, Pierre.
_967002
830 1 _aQuadrige ;
_v71-74
_9180826
852 4 _aES-MaACL
_jL-6918-21
999 _c134839
_d134839